Normal view MARC view
  • Padilla Partida, Siria

Entry Nombre Personal

Number of records used in: 1

001 - NUMERO DE CONTROL

  • campo de control: 51289

003 - IDENTIFICADOR DE NUMERO DE CONTROL

  • campo de control: UPN

005 - FECHA Y HORA DE LA ÜLTIMA TRANSACCIÓN

  • campo de control: 20240307113543.0

008 - DATOS DE LONGITUD FIJA

  • campo de control de longitud fija: 240307|| acn||aabn | a|a d

024 ## - OTROS IDENTIFICADORES NORMALIZADOS

  • Fuente: orcid
  • Número normalizado o código: https://orcid.org/0000-0001-5904-8947

040 ## - FUENTE DE CATALOGACIÓN

  • Agencia original de catalogación: MX-MxUPN

100 1# - ENCABEZAMIENTO - NOMBRE PERSONAL

  • Nombre personal: Padilla Partida, Siria

370 ## - LUGAR ASOCIADO

  • Place of birth: México

371 ## - DIRECCIÓN

  • Electronic mail address: siria.padilla@cucea.udg.mx

372 ## - CAMPO DE ACTIVIDAD

  • Field of activity: Ciencias de la educación, procesos de enseñanza-aprendizaje, tecnologías de la información y la comunicación e innovación educativa
  • Field of activity: Docencia

373 ## - GRUPO ASOCIADO

  • Associated group: Universidad de Guadalajara

374 ## - OCUPACIÓN

  • Occupation: Doctora en Filosofía
  • Occupation: Profesora universitaria

670 ## - FUENTE EN LA QUE SE LOCALIZARON DATOS

  • Cita de la fuente: En recurso en línea: CPU-e, revista de investigación educativa. No. 36 (2023):
  • Información localizada: página 113 (Siria Padilla Partida)
  • Uniform Resource Identifier: https://cpue.uv.mx/index.php/cpue/article/view/2839/4636

902 ## - CATALOGADOR

  • Catalogador: RGJD/070324